1649 1045 1532 1402 1816 1632 1071 1379 1526 1298 1717 1495 1260 1672 1302 1871 1236 2000 1886 1870 1821 1917 1730 1713 1810 1008 1109 1239 1117 1384 1788 1370 1169 1793 1772 1756 1164 1485 1968 1149 1208 1304 1662 1688 1455 1198 1326 1267 1939 1550 1721 1303 1978 1779 1986 1724 1086 1512 1572 1527 1271 1269 1294 1093 1595 1944 1950 1201 1034 1873 1909 1213 1624 1744 1926 1223 1996 1795 1028 1522 1531 1941 1711 1407 1121 1765 1876 1025 1705 1696 1039 1828 1411 1324 1510 1063 1311 1522 1145 BCNSPRNW ULIB Ver.6.0+V

เปลี่ยนเป็นภาษาไทย

Change to English
 แสดงรายละเอียดบรรณานุกรม
  กลับหน้าหลัก

Brief Record : Get Marc (ISO 2709) : E-mail record : QR code < ปิดหน้าต่าง
LEADER : 00000nam 2200000uu 4500
001    13399115025
003     ULIB
008    020711s2552 th a 000 0 tha d
020    ^a9786167010120
082 04 ^aนว.^bจ718ค
090    ^aนว.^bจ718ค
100    ^aJeaniene Frost
245    ^aครึ่งทางสู่(หลุมรัก)/^cJeaniene Frost
260    ^aกรุงเทพฯ :^bนกฮูก,^c2552
300    ^a366 หน้า
945    ^p280^l0^i028402
995    ทศพร
999 ^a ทศพร
รายการนี้ยังไม่มีแท็ก
คุณยังไม่ได้ล็อกอิน คุณสามารถมีกิจกรรมร่วมกับเว็บไซต์ได้ แต่ต้องล็อกอินก่อน ::
  ล็อกอิน

รายการสื่อสารสนเทศ

ลำดับที่ ประเภท เลขเรียก/บาร์โค้ด สถานที่ สถานะ
1. นวนิยาย
นวนิยาย
นว. จ718ค นว. จ718ค  
  Barcode: 028402
ห้องสมุดวิทยาเขตสวรรค์ประชารักษ์
►นวนิยาย
บนชั้น
  ขอยืม

BibComment


ยังไม่เคยถูกคอมเมนท์

คอมเมนท์ทรัพยากรรายการนี้
  คอมเมนท์: ครึ่งทางสู่หลุมร..


 Copyright 2026. Bcnsprnw @Library